Disney Animated Movies: The Silver Era - Statistics

General Stats
  • This quiz has been taken 75 times
  • The average score is 6 of 8
Answer Stats
Year Film % Correct
1950 Cinderella
95%
1959 Sleeping Beauty
95%
1951 Alice in Wonderland
76%
1961 One Hundred and One Dalmatians
71%
1955 Lady and the Tramp
68%
1953 Peter Pan
68%
1967 The Jungle Book
68%
1963 The Sword in the Stone
56%
No matching quizzes found
Score Distribution
Percent of People with Each Score
Percentile by Number Answered
Your Score History
You have not taken this quiz